000 00642 a2200181 4500
999 _c183103
_d183103
005 20211216125854.0
010 _aENG-130373
020 _c452.00
_a978-81-945229-6-6
035 _aEN-113905
037 _bDBAD / PUB
082 _a595.789095414
100 _aRanjan, Vinay
245 _aFlora of Gorumara National Park:
_cVinay Ranjan, Anant Kumar
260 _bThe Director Botanical Survey of India
_aKolkata
_c2020
270 _bKolkata
_aCGO Complex, 3rd MSO Building Block-F, 5th & 6th Floor, DF-Block Sector-I, Salt Lake City
_e700064
300 _a127p.
_c24cm (hbk)
942 _adpl
_cEN
_2ddc
_h595.789095414
_mRAN